| 000 | 00554nam a2200217 4500 | ||
|---|---|---|---|
| 003 | LK-CoMWRAF | ||
| 005 | 20231207091224.0 | ||
| 008 | 231202b1997 |||||||| |||| 00| 0 eng d | ||
| 020 | _a8175540648 | ||
| 040 |
_aLK-CoMWRAF _dLK-CoMWRAF _eLK-CoMWRAF |
||
| 041 | _aeng | ||
| 082 |
_a658.456 _bBAR |
||
| 100 | _a: Barker, Alan | ||
| 245 | _a30 minutes... before a meeting | ||
| 260 |
_aNew Delhi: _bKogan Page, _c 1997 |
||
| 300 | _a62 p. ; 18 cm | ||
| 490 | _a 30 minutes series | ||
| 650 | _aBUSINESS MEETINGS | ||
| 650 | _aReunions | ||
| 942 | _cBK | ||
| 999 |
_c4276 _d4276 |
||